00361nam a2200121Ia 4500008004100000041000800041082001400049100001800063245005300081260004300134300001900177520004300196240719s9999 xx 000 0 und d aeng a221.9 Ary aArya, Vedveer aThe Chronology Of India From Manu To Mahabharata aHyderabadbAryabhata Publicationc2019 a486.; P. 24 Cm aGifted By : IMT Faculty Dr. Pawan Jain